| 000 | 00819cam a2200241 a 4500 | ||
|---|---|---|---|
| 001 | 000002385 | ||
| 005 | 20200929150206.0 | ||
| 008 | 830830s1964 sp a b 000 0 spa | ||
| 040 |
_aDO-SdBNP _bspa _cBNPHU |
||
| 041 | 1 | 7 |
_aspa _hfre |
| 082 |
_ann. _bG274f, 1964. |
||
| 100 | 1 |
_aGaussen, Henri, _d1891-1981. _97574 |
|
| 245 | 1 | 0 |
_aFlora y fauna de la montaña / _cHenri Gaussen y Paul Barruel ; traducción, Enrique Balcells Rocamora. |
| 250 | _a2a ed. | ||
| 260 |
_aBarcelona : _bJuventud, _c1964. |
||
| 300 |
_a223 p. : _bil., maps. ; _c30 cm. |
||
| 490 | 1 | _aGrandes libros de la naturaleza | |
| 534 | _aMontagnes: la vie aux hautes altitudes. | ||
| 650 | 0 |
_aMountain ecology. _97575 |
|
| 700 | 1 |
_aBarruel, Paul. _97576 |
|
| 700 | 1 |
_aBalcells, Enrique, _etr. _97577 |
|
| 830 | 0 |
_aGrandes libros de la naturaleza _97578 |
|
| 999 |
_c2225 _d2225 |
||